| 000 | 00598nam a2200193 a 4500 | ||
|---|---|---|---|
| 001 | 000044623 | ||
| 005 | 20240305141119.0 | ||
| 008 | 141209s2011 sp 000 p spa d | ||
| 020 | _a9788415398202 | ||
| 040 |
_aDO-SdBNP _bspa _cBNPHU |
||
| 082 |
_axxxx _bxxxx |
||
| 100 | 1 |
_aBatista, León Félix, _d1964- _912031 |
|
| 245 | 1 | 0 |
_aCaducidad / _cLeón Félix Batista ; prólogo de Andrés Fisher. |
| 260 |
_aMadrid : _bAmargord Ediciones, _c2011. |
||
| 300 |
_a99 p. ; _c21 cm. |
||
| 490 | 1 |
_aTransatlántica _a12 |
|
| 700 | 1 |
_aAndrés Fisher _epról. _972644 |
|
| 830 | 0 |
_aTransatlántica ; _v12 _972645 |
|
| 999 |
_c44112 _d44112 |
||